00977nam a2200217 a 450000500170000000800410001704000250005804100080008304400070009108200160009810000340011424501050014826000530025330000600030650400490036650502420041565000150065765000240067265000230069670000400071920200104041612.0150305s2005 ec ||||| |||| 00| 0 spa d aCO-BoIAVHcCO-BoIAVH0 aspa aec04a638.1bB24m1 aBárcenas torres, Edinson E.10aManual de manejo apícola /cRecopilación de información: Edinson Bárcenas y Oscar Ordoñez. aLoja :bFundación Ecológica Arcoiris,c2005. a58 páginas :bilustraciones y fotografías ;c21 cm. aIncluye bibliografía en la contracubierta. aLas abejas. -- Comportamiento natural de las abejas. -- Apicultura. -- La cosecha de miel. -- Producción de reinas y jalea. -- Valor nutricional de los productos apícolas. -- Plagas y enfermedades. Construcción de cajas apícolas.14aApicultura24aAbejasxAgricultura24aAbejasxApicultura1 aBárcenas Torres, Edinson,eautor.